Statystyki dla Quiz o Mali

Kliknij tutaj aby rozwiązać quiz!

Ogólne statystyki

  • Ten quiz został rozwiązany 785 razy
  • Średni wynik to 12 z 19

Statystyki odpowiedzi

WskazówkaOdpowiedź% Poprawnych
Najpowszechniejsza religiaIslam
93%
Państwa granicząceAlgieria
91%
Państwa granicząceMauretania
91%
Duża pustynia pokrywająca północne MaliSahara
91%
Państwa granicząceNiger
90%
Państwa granicząceBurkina Faso
84%
Oficjalny językfrancuski
84%
Państwa granicząceSenegal
83%
Państwa granicząceGwinea
79%
Państwa granicząceWybrzeże Kości Słoniowej
77%
StolicaBamako
67%
Główna linia długości geograficznej przechodzące przez wschodnie MaliPołudnik zerowy
57%
Półpustynny obszar położony na południe od powyższej pustyniSahel
44%
Z czego zbudowany jest Wielki Meczet w Dżennym?Cegły
40%
Władca Imperium Mali czasami (nieprecyzyjnie)
nazywany najbogatszą osobą w historii
Mansa {Musa}
40%
Spośród wszystkich państw Mali ma najwyższą średnią roczną...Temperaturę
40%
Starożytne miasto w centrum Mali, które
kiedyś było głównym ośrodkiem handlowym
Timbuktu
40%
Nazwij jedną z dwóch najpopularniejszych grup etnicznych w MaliMande | Fulbe
20%
Słowo na "G”, które odnosi się do barda lub gawędziarza z Afryki ZachodniejGriot
16%

Rozkład punktacji

Percentyl według liczby udzielonych odpowiedzi

Procent ludzi z każdym wynikiem

Twoja historia wyników

Nie rozwiązałeś tego quizu